Short and Medium-term Impact of Dairy Barn Investment on Profitability and Herd Size in Switzerland

Investície do väčších stodôl a zväčšenie veľkosti stáda ako zásadné míľniky v mliekarenskej výrobe. Analýza na základe údajov Swiss Network Accountancy Data Network a údajov o investíciách podporovaných vládou. Orientácia na vývoj dvoch kľúčových premenných v priebehu prvých ôsmich rokov po investíc...

Descripción completa

Guardado en:
Detalles Bibliográficos
Autor principal: Kramer, Benedikt
Otros Autores: Schorr, Anke, Doluschitz, R., Lips, Markus
Formato: Capítulo de libro
Lenguaje:inglés
Materias:
Etiquetas: Agregar Etiqueta
Sin Etiquetas, Sea el primero en etiquetar este registro!

MARC

LEADER 00000naa a2200000 4500
001 0257501
005 20190809103217.1
041 0 |a eng 
044 |a CZ 
245 1 0 |a Short and Medium-term Impact of Dairy Barn Investment on Profitability and Herd Size in Switzerland  |c Benedikt Kramer, Anke Schorr, R. Doluschitz, Markus Lips 
520 |a Investície do väčších stodôl a zväčšenie veľkosti stáda ako zásadné míľniky v mliekarenskej výrobe. Analýza na základe údajov Swiss Network Accountancy Data Network a údajov o investíciách podporovaných vládou. Orientácia na vývoj dvoch kľúčových premenných v priebehu prvých ôsmich rokov po investícii: zmena veľkosti stáda a vypočítaný zisk, to znamená príjem farmy mínus náklady na príležitosť pre rodinu práca a kapitál. Porovnanie s rokom pred investíciou. Závery vedúce k zisteniu, že investícia do stodoly na mlieko nevedie k zlepšeniu ziskovosti v krátkodobom a strednodobom horizonte, čo poukazuje na otázku, či sa tento obraz z dlhodobého hľadiska zmení. 
610 2 0 |a Švajčiarsko 
610 2 0 |a poľnohospodárstvo 
610 2 0 |a výroba poľnohospodárska 
610 2 0 |a budovy hospodárske 
610 2 0 |a produkcia 
610 2 0 |a chov zvierat 
610 2 0 |a farmy 
610 2 0 |a priemysel mliekarský 
610 2 0 |a investície finančné 
610 2 0 |a zisk 
610 2 0 |a plán strednodobý 
610 2 0 |a vláda 
100 1 |a Kramer, Benedikt 
700 1 |a Schorr, Anke 
700 1 |a Doluschitz, R. 
700 1 |a Lips, Markus